00377nam a2200133Ia 4500003000400000008004100004020002600045040000800071100001800079245009800097260002300195300001400218365001100232LDD181029s9999 xx 000 0 und d a9780761959854c500.00 cLDD aRansome, Paul 0aWork, Consumption and Culturebaffluence and social change in the 21st centurycPaul Ransome aLondonbSagec2006 aix, 213p. b500.00